00453cam a2200181 a 4500001000800000005001700008008004100025010001700066020003200083040001800115041000800133080001700141082002100158100000700179101000800186245004700194504003000241471457520171220093329.0830620s1984 maua b 001 0 eng  a 83013102  a0273019139 :c$18.95 (est.) aDLCcDLCdDLC aeng a658.4012 FRE00a658.4012 FRE2191 a54 aMEN10aStrategic management :cR. Edward Freeman. aBibliography: p. 251-266.